[Event "Niedersachsen-ch op B"]
[Site "Verden"]
[Date "2018.01.04"]
[Round "2"]
[White "Ernst, Holger"]
[Black "Moeller, Jonas"]
[Result "0-1"]
[WhiteElo "1504"]
[BlackElo "1688"]
[PlyCount "71"]
[EventDate "2018.01.04"]
[EventType "swiss"]
[EventRounds "7"]
[EventCountry "GER"]
[SourceTitle "EXT 2022"]
[Source "ChessBase"]
[SourceDate "2021.10.06"]
[SourceVersion "1"]
[SourceVersionDate "2021.10.06"]
[SourceQuality "1"]

1. d4 Nf6 2. Bg5 d5 3. Nc3 Bf5 4. e3 e6 5. Bd3 Be7 6. Bxf5 exf5 7. Qf3 Ng8 8. Bxe7 Nxe7 9. Qg3 0-0 10. Nge2 c6 11. 0-0 Nd7 12. f3 Nf6 13. e4 fxe4 14. fxe4 Nxe4 15. Nxe4 dxe4 16. Qe5 f5 17. Nf4 Ng6 18. Nxg6 hxg6 19. c3 Qf6 20. Qc5 b6 21. Qc4+ Kh7 22. Rae1 Rae8 23. Re3 Qe6 24. Rh3+ Kg8 25. Qe2 Qxa2 26. c4 Qa6 27. Ra3 Qb7 28. Rfa1 Ra8 29. b4 Qd7 30. Qd2 f4 31. Rh3 Rad8 32. Rd1 e3 33. Qd3 Qf5 34. Qe2 Qe4 35. Ra1 Rxd4 36. Rxa7 0-1

[Event "Niedersachsen-ch op-B"]
[Site "Verden"]
[Date "2016.01.04"]
[Round "4"]
[White "Ernst, Holger"]
[Black "Fischer, Manfred"]
[Result "1/2-1/2"]
[WhiteElo "1466"]
[BlackElo "1823"]
[PlyCount "59"]
[EventDate "2016.01.03"]
[EventType "swiss"]
[EventRounds "7"]
[EventCountry "GER"]
[SourceTitle "EXT 2018"]
[Source "ChessBase"]
[SourceDate "2017.10.13"]
[SourceVersion "1"]
[SourceVersionDate "2017.10.13"]
[SourceQuality "1"]

1. e4 e5 2. Nf3 Nc6 3. Bc4 Be7 4. 0-0 Nf6 5. Re1 0-0 6. c3 d6 7. h3 h6 8. d4 a6 9. Bb3 exd4 10. cxd4 Na5 11. Bc2 c5 12. d5 b5 13. b3 Nh7 14. Bb2 Bf6 15. Bxf6 Qxf6 16. Nbd2 Ng5 17. Nxg5 hxg5 18. Qh5 Qh6 19. Bd1 Re8 20. Qxh6 gxh6 21. g4 Bd7 22. Be2 Re7 23. f3 f6 24. Bd3 Kg7 25. Kf2 Nb7 26. Rh1 Rh8 27. Nf1 h5 28. Ng3 h4 29. Nf1 Rc8 30. Ne3 1/2-1/2